| 000 | 01049pam a2200301 a 4500 | ||
|---|---|---|---|
| 999 |
_c2554 _d2554 |
||
| 001 | 534631 | ||
| 003 | OSt | ||
| 005 | 20191118120307.0 | ||
| 008 | 871217s1989 nyua 000 0 eng | ||
| 010 | _a 87035348 | ||
| 020 | _a0070552215 (pbk.) | ||
| 040 |
_aDLC _cDLC _dDLC |
||
| 050 | 0 | 0 |
_aQA297 _b.S37 1989 |
| 082 | 0 | 0 |
_a518 _219 _bSCH 1989 |
| 100 | 1 |
_aScheid, Francis, _96145 |
|
| 245 | 1 | 0 | _aSchaum's outline of Theory and Problems of Numerical Analysis |
| 250 | _a2nd ed. | ||
| 260 |
_aNew York : _bMcGraw-Hill, _c1989. |
||
| 300 |
_a471 p. : _bill. ; _c28 cm. |
||
| 440 | 0 |
_aSchaum's outline series. _pSchaum's outline series in mathematics _9711 |
|
| 650 | 0 |
_aNumerical analysis _96146 |
|
| 740 | 0 | _aTheory and problems of numerical analysis. | |
| 740 | 0 | _aNumerical analysis. | |
| 856 | 4 | 2 |
_3Publisher description _uhttp://www.loc.gov/catdir/description/mh022/87035348.html |
| 856 | 4 | 1 |
_3Table of contents _uhttp://www.loc.gov/catdir/toc/mh021/87035348.html |
| 906 |
_a7 _bcbc _corignew _d1 _eocip _f19 _gy-gencatlg |
||
| 942 |
_2ddc _cSLOAN |
||